Fúzie a akvizície vo vybranom odvetví diplomová práca

Enregistré dans:
Détails bibliographiques
Auteur principal: Valentová, Simona
Collectivité auteur: Obchodná fakulta EU. Katedra medzinárodného obchodu
Autres auteurs: Pásztorová, Janka, 1960-
Format: Livre
Langue:slovaque
Publié: Bratislava 2025
Tags: Ajouter un tag
Pas de tags, Soyez le premier à ajouter un tag!

MARC

LEADER 00000nbm a2200000 4500
001 0310188
005 20251110133924.8
041 0 |a slo 
044 |a SK 
245 1 0 |a Fúzie a akvizície vo vybranom odvetví  |b diplomová práca  |c Simona Valentová ; školiteľ: Janka Pásztorová 
264 1 |a Bratislava  |c 2025 
300 |a 83 s. 
100 1 |a Valentová, Simona 
700 1 |a Pásztorová, Janka, 1960- 
710 2 |a Obchodná fakulta EU. Katedra medzinárodného obchodu